MARC

LEADER 00000nam0a2200000 4500
001 364483
005 20231102011707.0
035 |a (RuTPU)RU\TPU\retro\21841 
090 |a 364483 
100 |a 20211117d1980 km y0rusy50 ca 
101 0 |a rus 
102 |a RU 
105 |a a z 001zy 
200 1 |a Геосинклинальный вулканизм Урала и колчеданосность вулкагенных формаций  |f Академия наук СССР, Уральский научный центр ; отв. ред. Г. Ф. Червяковский 
210 |a Свердловск  |c Изд-во УрО Ан СССР  |d 1980 
215 |a 150 с.  |c ил. 
320 |a Библиогр. в конце ст. 
606 1 |a Вулканизм  |2 stltpush  |3 (RuTPU)RU\TPU\subj\3799  |9 32148 
606 1 |a Колчеданные месторождения  |2 stltpush  |3 (RuTPU)RU\TPU\subj\14784  |9 41117 
610 1 |a Урал 
610 1 |a вулканогенные формации 
610 1 |a колчеданоносные зоны 
610 1 |a расчленение 
610 1 |a тектонические условия 
610 1 |a вулканические образования 
610 1 |a геосинклиналии 
675 |a 551.21  |v 4 
675 |a 553.4  |v 4 
702 1 |a Червяковский  |b Г. Ф.  |4 340 
712 0 2 |a Академия наук СССР  |b Уральский научный центр  |2 stltpush  |3 (RuTPU)RU\TPU\col\3284  |9 23807 
801 1 |a RU  |b 63413507  |c 20211117 
942 |c BK